Primeros auxilios en centros públicos de educación infantil y primaria.
Saved in:
| Main Author: | |
|---|---|
| Format: | Unknown |
| Published: |
Londres, Inglaterra:
Académica Española,
2020.
|
| Subjects: | |
| Tags: |
Add Tag
No Tags, Be the first to tag this record!
|
MARC
| LEADER | 00000 a2200000 4500 | ||
|---|---|---|---|
| 003 | CL-VaPUC | ||
| 005 | 20230111154036.0 | ||
| 008 | 221222t2020 ||||| |||| 00| 0 eng d | ||
| 999 | |c 439303 |d 439301 | ||
| 020 | |a 978-6200055385 | ||
| 040 | |c Pontificia Universidad Católica de Valparaíso | ||
| 082 | 7 | |a 616.0252 OLM 2020 |2 22 | |
| 100 | |a Oscar del Olmo Montero. |9 878322 |e autor | ||
| 245 | |a Primeros auxilios en centros públicos de educación infantil y primaria. | ||
| 260 | |a Londres, Inglaterra: |b Académica Española, |c 2020. | ||
| 300 | |a 60 páginas. | ||
| 583 | |k GC |c 20221222 | ||
| 650 | |a Primeros auxilios |x Centros Públicos de Educación Infantil y Primaria |x Estudios observacionales y descriptivos |z España |9 879539 | ||
| 942 | |2 ddc |c BK | ||
| 952 | |0 0 |1 0 |2 ddc |4 0 |6 616_025200000000000_OLM_2020 |7 0 |8 A |9 588396 |a BIBEDU |b BIBEDU |c GEN |d 2022-12-21 |e 74 |g 33840.00 |i 5656185 |o 616.0252 OLM 2020 |p 5656185 |r 2022-12-21 |t 2 |v 33840.00 |w 2022-12-21 |y BK |k EFI | ||
| 952 | |0 0 |1 0 |2 ddc |4 0 |6 616_025200000000000_OLM_2020 |7 0 |8 A |9 588397 |a BIBEDU |b BIBEDU |c GEN |d 2022-12-21 |e 74 |g 33840.00 |i 5656188 |o 616.0252 OLM 2020 |p 5656188 |r 2022-12-21 |t 5 |v 33840.00 |w 2022-12-21 |y BK |k EFI | ||
| 952 | |0 0 |1 0 |2 ddc |4 0 |6 616_025200000000000_OLM_2020 |7 0 |8 A |9 588398 |a BIBEDU |b BIBEDU |c GEN |d 2022-12-21 |e 74 |g 33840.00 |i 5656187 |o 616.0252 OLM 2020 |p 5656187 |r 2022-12-21 |t 4 |v 33840.00 |w 2022-12-21 |y BK |k EFI | ||
| 952 | |0 0 |1 0 |2 ddc |4 0 |6 616_025200000000000_OLM_2020 |7 0 |8 A |9 588399 |a BIBEDU |b BIBEDU |c GEN |d 2022-12-21 |e 74 |g 33840.00 |i 5656186 |o 616.0252 OLM 2020 |p 5656186 |r 2022-12-21 |t 3 |v 33840.00 |w 2022-12-21 |y BK |k EFI | ||
| 952 | |0 0 |1 0 |2 ddc |4 0 |6 616_025200000000000_OLM_2020 |7 0 |8 A |9 588400 |a BIBEDU |b BIBEDU |c GEN |d 2022-12-21 |e 74 |g 33840.00 |i 5656184 |o 616.0252 OLM 2020 |p 5656184 |r 2022-12-21 |t 1 |v 33840.00 |w 2022-12-21 |y BK |k EFI | ||